Sonic Game Click Chain - Statistics

General Stats
  • This quiz has been taken 351 times
  • The average score is 7 of 22
Answer Stats
Hint Answer % Correct
The game that started it all… Sonic 1
96%
in which Eggman revived Metal from the events of… Sonic CD
57%
which was the sequel to… Sonic Adventure
49%
which explained Shadow’s revival from dying in… Sonic Adventure 2
49%
in which Tails can follow you like… Sonic 2
46%
who would later betray him in… Sonic Heroes
46%
which was rereleased with a side mode called… Shadow Generations
34%
which has the same first boss as… Sonic 4
34%
which is often bundled with… Sonic & Knuckles
32%
which brings back Knuckles from… Sonic 3
31%
which didn’t have 4 player co-op like… Sonic Superstars
31%
whose main antagonist (not Eggman) didn’t come back until… Sonic Forces
29%
which brought back a character from… Sonic Triple Trouble
29%
which Blaze appeared next in… Sonic 06
25%
which failed spectacularly like… Sonic Boom: Rise of Lyric
25%
which was 3D, unlike most of… Sonic Colors
21%
which was the game of the last stage of… Sonic Generations
21%
which was preceded by… Sonic Mania
21%
which brought the boost formula to 3D from… Sonic Rush
21%
which are 2 characters that appear in the desert area of… Sonic Frontiers
17%
which in both of the previous two games don’t represent this 3D Sonic: Sonic Lost World
17%
where combat was a big focus like… Sonic Unleashed
17%
No matching quizzes found
Score Distribution
Percent of People with Each Score
Percentile by Number Answered
Your Score History
You have not taken this quiz